[Event "ODJM C 2023"]
[Site "Willingen GER"]
[Date "2023.05.31"]
[Round "5"]
[White "Fize, Aleksandrs"]
[Black "Lohrmann, Flavia"]
[Result "0-1"]
[Termination "normal"]
[Board "22"]
[WhiteElo "1154"]
[BlackElo "1066"]
[WhiteClock "01:18:01"]
[BlackClock "01:06:00"]
[PlyCount "64"]
[WhiteFideId "34623779"]
[BlackFideId "12982865"]
[EventCountry "GER"]
[EventRounds "9"]
[EventType "swiss"]
[EventDate "2023.05.27"]

1. d4 {[%clk 01:30:58]} {[%emt 00:00:01]} d5 {[%clk 01:30:55]} {[%emt
00:00:05]} 2. Nc3 {[%clk 01:31:24]} {[%emt 00:00:04]} Nf6 {[%clk 01:31:17]}
{[%emt 00:00:08]} 3. Bf4 {[%clk 01:31:50]} {[%emt 00:00:05]} c5 {[%clk
01:31:09]} {[%emt 00:00:38]} 4. e3 {[%clk 01:32:13]} {[%emt 00:00:07]} cxd4
{[%clk 01:31:11]} {[%emt 00:00:28]} 5. exd4 {[%clk 01:32:39]} {[%emt 00:00:05]}
a6 {[%clk 01:31:30]} {[%emt 00:00:11]} 6. Nf3 {[%clk 01:32:54]} {[%emt
00:00:14]} Bf5 {[%clk 01:31:02]} {[%emt 00:00:57]} 7. Ne5 {[%clk 01:32:44]}
{[%emt 00:00:41]} e6 {[%clk 01:26:43]} {[%emt 00:04:50]} 8. g4 {[%clk
01:33:07]} {[%emt 00:00:07]} Be4 {[%clk 01:24:06]} {[%emt 00:03:07]} 9. Nxe4
{[%clk 01:33:20]} {[%emt 00:00:16]} Nxe4 {[%clk 01:23:53]} {[%emt 00:00:42]}
10. Qd3 {[%clk 01:32:35]} {[%emt 00:01:17]} Bd6 {[%clk 01:21:48]} {[%emt
00:02:35]} 11. Qh3 {[%clk 01:30:49]} {[%emt 00:02:16]} O-O {[%clk 01:19:12]}
{[%emt 00:03:06]} 12. f3 {[%clk 01:29:27]} {[%emt 00:01:51]} Ng5 {[%clk
01:14:29]} {[%emt 00:05:13]} 13. Bxg5 {[%clk 01:28:58]} {[%emt 00:01:00]} Qxg5
{[%clk 01:13:51]} {[%emt 00:01:06]} 14. Qg3 {[%clk 01:27:30]} {[%emt 00:01:59]}
Qe3+ {[%clk 01:12:27]} {[%emt 00:01:54]} 15. Kd1 {[%clk 01:23:51]} {[%emt
00:04:09]} Qxd4+ {[%clk 01:11:52]} {[%emt 00:01:04]} 16. Bd3 {[%clk 01:23:51]}
{[%emt 00:00:30]} Bxe5 {[%clk 01:11:49]} {[%emt 00:00:33]} 17. Qh4 {[%clk
01:23:17]} {[%emt 00:01:04]} g6 {[%clk 01:10:29]} {[%emt 00:01:50]} 18. Qg5
{[%clk 01:22:06]} {[%emt 00:01:41]} Nc6 {[%clk 01:10:44]} {[%emt 00:00:16]} 19.
h4 {[%clk 01:21:44]} {[%emt 00:00:52]} Bf4 {[%clk 01:10:29]} {[%emt 00:00:45]}
20. Qxf4 {[%clk 01:20:46]} {[%emt 00:01:28]} Qxf4 {[%clk 01:10:50]} {[%emt
00:00:09]} 21. Be2 {[%clk 01:20:49]} {[%emt 00:00:26]} Qd4+ {[%clk 01:10:32]}
{[%emt 00:00:48]} 22. Kc1 {[%clk 01:21:14]} {[%emt 00:00:06]} Qe3+ {[%clk
01:08:53]} {[%emt 00:02:08]} 23. Kd1 {[%clk 01:21:38]} {[%emt 00:00:06]} Nd4
{[%clk 01:08:34]} {[%emt 00:00:49]} 24. Re1 {[%clk 01:21:47]} {[%emt 00:00:22]}
Rac8 {[%clk 01:08:15]} {[%emt 00:00:49]} 25. c3 {[%clk 01:21:42]} {[%emt
00:00:37]} Nxe2 {[%clk 01:07:31]} {[%emt 00:01:13]} 26. Rxe2 {[%clk 01:22:03]}
{[%emt 00:00:08]} Qd3+ {[%clk 01:07:37]} {[%emt 00:00:22]} 27. Ke1 {[%clk
01:22:13]} {[%emt 00:00:22]} Qxf3 {[%clk 01:06:39]} {[%emt 00:01:28]} 28. b3
{[%clk 01:16:41]} {[%emt 00:06:03]} Qh1+ {[%clk 01:06:01]} {[%emt 00:01:08]}
29. Kd2 {[%clk 01:17:04]} {[%emt 00:00:07]} Qxa1 {[%clk 01:06:20]} {[%emt
00:00:09]} 30. g5 {[%clk 01:17:20]} {[%emt 00:00:16]} Qxc3+ {[%clk 01:06:31]}
{[%emt 00:00:18]} 31. Kd1 {[%clk 01:17:49]} {[%emt 00:00:02]} Qd3+ {[%clk
01:06:19]} {[%emt 00:00:42]} 32. Rd2 {[%clk 01:18:01]} {[%emt 00:00:17]} Qf1#
{[%clk 01:06:00]} {[%emt 00:00:09]} 0-1

[Event "ODJM C 2023"]
[Site "Willingen GER"]
[Date "2023.05.31"]
[Round "5"]
[White "Kühne, Malin"]
[Black "Prokscha, Marlene"]
[Result "1/2-1/2"]
[Termination "normal"]
[Board "24"]
[WhiteElo "1162"]
[BlackElo "1054"]
[WhiteClock "00:22:03"]
[BlackClock "00:37:49"]
[PlyCount "94"]
[WhiteFideId "34619747"]
[BlackFideId "34631291"]
[EventCountry "GER"]
[EventRounds "9"]
[EventType "swiss"]
[EventDate "2023.05.27"]

1. d4 {[%clk 01:30:58]} Nf6 {[%clk 01:30:34]} {[%emt 00:00:26]} 2. c4 {[%clk
01:31:04]} {[%emt 00:00:25]} g6 {[%clk 01:30:26]} {[%emt 00:00:38]} 3. Bf4
{[%clk 01:30:27]} {[%emt 00:01:06]} Bg7 {[%clk 01:29:49]} {[%emt 00:01:07]} 4.
h3 {[%clk 01:29:27]} {[%emt 00:01:30]} O-O {[%clk 01:29:04]} {[%emt 00:01:15]}
5. e3 {[%clk 01:28:38]} {[%emt 00:01:20]} d6 {[%clk 01:27:42]} {[%emt
00:01:52]} 6. Nf3 {[%clk 01:26:36]} {[%emt 00:02:31]} c5 {[%clk 01:24:54]}
{[%emt 00:03:18]} 7. Qd2 {[%clk 01:09:42]} {[%emt 00:17:24]} Bf5 {[%clk
01:09:49]} {[%emt 00:15:35]} 8. Nc3 {[%clk 01:05:47]} {[%emt 00:04:25]} cxd4
{[%clk 01:06:46]} {[%emt 00:03:34]} 9. Nxd4 {[%clk 01:02:38]} {[%emt 00:03:39]}
Ne4 {[%clk 01:03:55]} {[%emt 00:03:20]} 10. Nxe4 {[%clk 00:56:51]} {[%emt
00:06:17]} Bxe4 {[%clk 01:03:31]} {[%emt 00:00:55]} 11. f3 {[%clk 00:52:07]}
{[%emt 00:05:14]} Bc6 {[%clk 01:03:10]} {[%emt 00:00:51]} 12. Nxc6 {[%clk
00:51:13]} {[%emt 00:01:25]} Nxc6 {[%clk 01:02:17]} {[%emt 00:01:22]} 13. Rd1
{[%clk 00:49:23]} {[%emt 00:02:19]} Be5 {[%clk 00:58:40]} {[%emt 00:04:07]} 14.
Bxe5 {[%clk 00:47:49]} {[%emt 00:02:05]} Nxe5 {[%clk 00:58:18]} {[%emt
00:00:52]} 15. b3 {[%clk 00:45:53]} {[%emt 00:02:26]} Nc6 {[%clk 00:56:00]}
{[%emt 00:02:48]} 16. Be2 {[%clk 00:43:45]} {[%emt 00:02:38]} Qa5 {[%clk
00:55:07]} {[%emt 00:01:24]} 17. Qxa5 {[%clk 00:43:13]} {[%emt 00:01:02]} Nxa5
{[%clk 00:55:06]} {[%emt 00:00:31]} 18. Kf2 {[%clk 00:39:37]} {[%emt 00:04:06]}
Rfd8 {[%clk 00:52:28]} {[%emt 00:03:00]} 19. f4 {[%clk 00:37:28]} {[%emt
00:02:46]} e6 {[%clk 00:50:22]} {[%emt 00:02:37]} 20. Bf3 {[%clk 00:35:41]}
{[%emt 00:02:16]} Rac8 {[%clk 00:48:15]} {[%emt 00:02:37]} 21. Rd2 {[%clk
00:33:10]} {[%emt 00:03:01]} b6 {[%clk 00:39:16]} {[%emt 00:09:30]} 22. Rhd1
{[%clk 00:31:52]} {[%emt 00:01:48]} Nc6 {[%clk 00:29:06]} {[%emt 00:10:40]} 23.
Rxd6 {[%clk 00:29:52]} {[%emt 00:02:29]} Rxd6 {[%clk 00:29:25]} {[%emt
00:00:11]} 24. Rxd6 {[%clk 00:30:15]} {[%emt 00:00:06]} Nb4 {[%clk 00:29:27]}
{[%emt 00:00:28]} 25. Rd7 {[%clk 00:29:08]} {[%emt 00:01:38]} a6 {[%clk
00:28:52]} {[%emt 00:01:06]} 26. Ra7 {[%clk 00:26:09]} {[%emt 00:03:29]} b5
{[%clk 00:26:31]} {[%emt 00:02:52]} 27. Be2 {[%clk 00:23:27]} {[%emt 00:03:11]}
bxc4 {[%clk 00:24:48]} {[%emt 00:02:13]} 28. Bxc4 {[%clk 00:22:59]} {[%emt
00:00:57]} Nxa2 {[%clk 00:24:48]} {[%emt 00:00:30]} 29. Rxa6 {[%clk 00:22:25]}
{[%emt 00:01:04]} Nb4 {[%clk 00:24:32]} {[%emt 00:00:45]} 30. Rb6 {[%clk
00:19:54]} {[%emt 00:03:01]} Nc6 {[%clk 00:22:53]} {[%emt 00:02:09]} 31. Ba6
{[%clk 00:18:34]} {[%emt 00:01:49]} Rc7 {[%clk 00:21:15]} {[%emt 00:02:08]} 32.
Rb7 {[%clk 00:17:38]} {[%emt 00:01:26]} Rxb7 {[%clk 00:18:29]} {[%emt
00:03:17]} 33. Bxb7 {[%clk 00:18:00]} {[%emt 00:00:07]} Nb4 {[%clk 00:18:47]}
{[%emt 00:00:10]} 34. Bf3 {[%clk 00:17:56]} {[%emt 00:00:36]} Nd3+ {[%clk
00:17:53]} {[%emt 00:01:24]} 35. Kg3 {[%clk 00:16:38]} {[%emt 00:01:46]} Kf8
{[%clk 00:16:36]} {[%emt 00:01:49]} 36. Be2 {[%clk 00:15:20]} {[%emt 00:01:47]}
Nb4 {[%clk 00:15:40]} {[%emt 00:01:22]} 37. Kf3 {[%clk 00:13:45]} {[%emt
00:02:10]} Ke7 {[%clk 00:15:27]} {[%emt 00:00:43]} 38. Ke4 {[%clk 00:12:56]}
{[%emt 00:01:19]} Kd6 {[%clk 00:15:17]} {[%emt 00:00:40]} 39. Bc4 {[%clk
00:11:05]} {[%emt 00:02:21]} Ke7 {[%clk 00:13:06]} {[%emt 00:02:41]} 40. Kd4
{[%clk 00:07:32]} {[%emt 00:04:00]} Kd6 {[%clk 00:12:57]} {[%emt 00:00:43]} 41.
e4 {[%clk 00:04:55]} {[%emt 00:03:06]} h6 {[%clk 00:10:26]} {[%emt 00:03:02]}
42. Bb5 {[%clk 00:02:54]} {[%emt 00:02:30]} f6 {[%clk 00:10:03]} {[%emt
00:00:54]} 43. Kc3 {[%clk 00:27:37]} {[%emt 00:05:47]} Kc5 {[%clk 00:38:52]}
{[%emt 00:01:40]} 44. Bc4 {[%clk 00:24:37]} {[%emt 00:03:31]} e5 {[%clk
00:38:28]} {[%emt 00:00:55]} 45. fxe5 {[%clk 00:24:25]} {[%emt 00:00:42]} fxe5
{[%clk 00:38:44]} {[%emt 00:00:14]} 46. g4 {[%clk 00:23:27]} {[%emt 00:01:27]}
g5 {[%clk 00:37:49]} {[%emt 00:01:25]} 47. Be2 {[%clk 00:22:03]} {[%emt
00:01:53]} Na2+ {[%clk 00:37:49]} {[%emt 00:00:28]} 1/2-1/2

[Event "ODJM C 2023"]
[Site "Willingen GER"]
[Date "2023.05.31"]
[Round "5"]
[White "Lang, Samuel"]
[Black "Schilay, Vinzenz"]
[Result "1-0"]
[Termination "normal"]
[Board "25"]
[WhiteElo "1159"]
[BlackElo "1052"]
[WhiteClock "01:21:08"]
[BlackClock "00:39:18"]
[PlyCount "71"]
[WhiteFideId "34660526"]
[BlackFideId "12983209"]
[EventCountry "GER"]
[EventRounds "9"]
[EventType "swiss"]
[EventDate "2023.05.27"]

1. d4 {[%clk 01:30:56]} {[%emt 00:00:04]} d5 {[%clk 01:30:56]} {[%emt
00:00:05]} 2. c4 {[%clk 01:31:22]} {[%emt 00:00:04]} e6 {[%clk 01:31:22]}
{[%emt 00:00:05]} 3. Nc3 {[%clk 01:31:40]} {[%emt 00:00:11]} Nf6 {[%clk
01:31:46]} {[%emt 00:00:06]} 4. Bg5 {[%clk 01:32:04]} {[%emt 00:00:06]} Be7
{[%clk 01:31:59]} {[%emt 00:00:16]} 5. Nf3 {[%clk 01:32:27]} {[%emt 00:00:08]}
O-O {[%clk 01:32:09]} {[%emt 00:00:21]} 6. e3 {[%clk 01:32:51]} {[%emt
00:00:05]} b6 {[%clk 01:31:05]} {[%emt 00:01:34]} 7. Bd3 {[%clk 01:33:09]}
{[%emt 00:00:12]} Bb7 {[%clk 01:31:14]} {[%emt 00:00:22]} 8. O-O {[%clk
01:33:15]} {[%emt 00:00:23]} Nbd7 {[%clk 01:31:38]} {[%emt 00:00:06]} 9. Qc2
{[%clk 01:33:32]} {[%emt 00:00:13]} c5 {[%clk 01:29:28]} {[%emt 00:02:41]} 10.
a3 {[%clk 01:31:29]} {[%emt 00:02:33]} Rc8 {[%clk 01:23:34]} {[%emt 00:06:24]}
11. Nd2 {[%clk 01:29:02]} {[%emt 00:02:56]} Qc7 {[%clk 01:16:40]} {[%emt
00:07:24]} 12. Nb5 {[%clk 01:27:03]} {[%emt 00:02:29]} Qb8 {[%clk 01:15:36]}
{[%emt 00:01:24]} 13. Bxh7+ {[%clk 01:26:04]} {[%emt 00:01:39]} Kh8 {[%clk
01:12:17]} {[%emt 00:03:50]} 14. Bd3 {[%clk 01:25:22]} {[%emt 00:01:12]} Ng4
{[%clk 01:12:01]} {[%emt 00:00:46]} 15. Bf4 {[%clk 01:25:31]} {[%emt 00:00:21]}
e5 {[%clk 01:10:31]} {[%emt 00:01:59]} 16. Bg3 {[%clk 01:23:52]} {[%emt
00:02:09]} g6 {[%clk 01:06:42]} {[%emt 00:04:20]} 17. h3 {[%clk 01:21:24]}
{[%emt 00:02:57]} dxc4 {[%clk 01:02:13]} {[%emt 00:04:59]} 18. Nxc4 {[%clk
01:20:26]} {[%emt 00:01:28]} Ngf6 {[%clk 00:59:31]} {[%emt 00:03:12]} 19. dxe5
{[%clk 01:20:23]} {[%emt 00:00:34]} Qa8 {[%clk 00:59:01]} {[%emt 00:01:00]} 20.
exf6 {[%clk 01:18:30]} {[%emt 00:02:24]} Bxg2 {[%clk 00:58:17]} {[%emt
00:01:12]} 21. fxe7 {[%clk 01:18:13]} {[%emt 00:00:49]} Bxf1 {[%emt 00:03:04]}
22. exf8=Q+ {[%emt 00:00:11]} Rxf8 {[%clk 00:55:15]} {[%emt 00:00:16]} 23. Rxf1
{[%clk 01:18:18]} {[%emt 00:00:24]} a6 {[%clk 00:52:33]} {[%emt 00:03:12]} 24.
Nbd6 {[%clk 01:18:25]} {[%emt 00:00:23]} b5 {[%clk 00:52:47]} {[%emt 00:00:16]}
25. Ne5 {[%clk 01:18:27]} {[%emt 00:00:29]} Nf6 {[%clk 00:52:07]} {[%emt
00:01:10]} 26. Nexf7+ {[%clk 01:18:48]} {[%emt 00:00:08]} Kg7 {[%clk 00:47:20]}
{[%emt 00:05:17]} 27. Bxg6 {[%clk 01:19:07]} {[%emt 00:00:11]} Qc6 {[%clk
00:41:18]} {[%emt 00:06:28]} 28. Bf4 {[%clk 01:19:21]} {[%emt 00:00:20]} Rxf7
{[%clk 00:41:11]} {[%emt 00:00:37]} 29. Bxf7 {[%clk 01:19:29]} {[%emt
00:00:22]} Qf3 {[%clk 00:38:02]} {[%emt 00:03:38]} 30. Qg6+ {[%clk 01:19:48]}
{[%emt 00:00:12]} Kf8 {[%clk 00:37:49]} {[%emt 00:00:42]} 31. Qxf6 {[%clk
01:19:56]} {[%emt 00:00:23]} Qxh3 {[%clk 00:37:56]} {[%emt 00:00:23]} 32. Bh6+
{[%clk 01:20:12]} {[%emt 00:00:15]} Qxh6 {[%clk 00:38:12]} {[%emt 00:00:14]}
33. Qxh6+ {[%clk 01:20:37]} {[%emt 00:00:05]} Ke7 {[%clk 00:38:37]} {[%emt
00:00:05]} 34. Qe6+ {[%clk 01:21:00]} {[%emt 00:00:08]} Kf8 {[%clk 00:39:00]}
{[%emt 00:00:07]} 35. Nf5 {[%clk 01:21:12]} {[%emt 00:00:18]} c4 {[%clk
00:39:18]} {[%emt 00:00:13]} 36. Qe8# {[%clk 01:21:08]} {[%emt 00:00:03]} 1-0

[Event "ODJM C 2023"]
[Site "Willingen GER"]
[Date "2023.05.31"]
[Round "5"]
[White "Steinkamp, Matthis"]
[Black "Neininger, Pascal"]
[Result "0-1"]
[Termination "normal"]
[Board "26"]
[WhiteElo "1153"]
[BlackElo "1156"]
[WhiteClock "00:51:35"]
[BlackClock "01:02:33"]
[PlyCount "116"]
[WhiteFideId "16287622"]
[BlackFideId "34640860"]
[EventCountry "GER"]
[EventRounds "9"]
[EventType "swiss"]
[EventDate "2023.05.27"]

1. d4 {[%clk 01:30:57]} {[%emt 00:00:02]} d5 {[%clk 01:30:55]} {[%emt
00:00:06]} 2. Nc3 {[%clk 01:31:16]} {[%emt 00:00:11]} Nf6 {[%clk 01:31:20]}
{[%emt 00:00:05]} 3. Bf4 {[%clk 01:31:25]} {[%emt 00:00:20]} e6 {[%clk
01:31:44]} {[%emt 00:00:07]} 4. e3 {[%clk 01:31:41]} {[%emt 00:00:13]} Bb4
{[%clk 01:32:06]} {[%emt 00:00:09]} 5. Bd3 {[%clk 01:31:31]} {[%emt 00:00:40]}
c5 {[%clk 01:32:13]} {[%emt 00:00:23]} 6. dxc5 {[%clk 01:31:48]} {[%emt
00:00:13]} Nbd7 {[%clk 01:32:23]} {[%emt 00:00:21]} 7. Nge2 {[%clk 01:32:02]}
{[%emt 00:00:15]} O-O {[%clk 01:32:00]} {[%emt 00:00:53]} 8. O-O {[%clk
01:32:23]} {[%emt 00:00:09]} Bxc5 {[%clk 01:31:15]} {[%emt 00:01:15]} 9. Nb5
{[%clk 01:29:09]} {[%emt 00:03:45]} e5 {[%clk 01:29:31]} {[%emt 00:02:15]} 10.
b4 {[%clk 01:25:54]} {[%emt 00:03:45]} Bb6 {[%clk 01:25:49]} {[%emt 00:04:12]}
11. Nd6 {[%clk 01:17:17]} {[%emt 00:09:07]} exf4 {[%clk 01:24:08]} {[%emt
00:02:11]} 12. Nxf4 {[%clk 01:17:29]} {[%emt 00:00:17]} Qe7 {[%clk 01:22:42]}
{[%emt 00:01:56]} 13. Nf5 {[%clk 01:14:48]} {[%emt 00:03:11]} Qxb4 {[%clk
01:17:59]} {[%emt 00:05:14]} 14. g4 {[%clk 01:12:08]} {[%emt 00:03:09]} Ne5
{[%clk 01:13:55]} {[%emt 00:04:35]} 15. g5 {[%clk 01:10:40]} {[%emt 00:01:58]}
Ne4 {[%clk 01:10:31]} {[%emt 00:03:54]} 16. Nxd5 {[%clk 01:08:58]} {[%emt
00:02:11]} Qa4 {[%clk 01:06:12]} {[%emt 00:04:51]} 17. Nde7+ {[%clk 01:07:36]}
{[%emt 00:01:52]} Kh8 {[%clk 01:06:27]} {[%emt 00:00:15]} 18. f4 {[%clk
01:05:18]} {[%emt 00:02:47]} Nxd3 {[%clk 01:04:31]} {[%emt 00:02:27]} 19. cxd3
{[%clk 01:03:42]} {[%emt 00:02:05]} Qxd1 {[%clk 01:04:51]} {[%emt 00:00:10]}
20. Rfxd1 {[%emt 00:01:54]} Nc3 {[%clk 01:03:50]} 21. Rd2 {[%clk 01:03:31]}
{[%emt 00:00:44]} Bxf5 {[%clk 01:04:02]} {[%emt 00:00:22]} 22. Nxf5 {[%clk
01:03:08]} {[%emt 00:00:53]} g6 {[%clk 01:04:26]} {[%emt 00:00:07]} 23. Nd4
{[%clk 01:02:09]} {[%emt 00:01:29]} Bxd4 {[%clk 01:04:30]} {[%emt 00:00:26]}
24. exd4 {[%clk 01:02:32]} {[%emt 00:00:07]} Rad8 {[%clk 01:04:51]} {[%emt
00:00:09]} 25. Rc1 {[%clk 01:01:54]} {[%emt 00:01:07]} Nb5 {[%clk 01:05:14]}
{[%emt 00:00:08]} 26. Rb1 {[%clk 01:01:40]} {[%emt 00:00:43]} Nxd4 {[%clk
01:05:36]} {[%emt 00:00:09]} 27. Kf2 {[%clk 01:01:32]} {[%emt 00:00:36]} Rc8
{[%clk 01:05:03]} {[%emt 00:01:04]} 28. Rxb7 {[%clk 01:00:49]} {[%emt
00:01:13]} Rc2 {[%clk 01:05:25]} {[%emt 00:00:08]} 29. Rxc2 {[%clk 00:59:42]}
{[%emt 00:01:37]} Nxc2 {[%clk 01:05:51]} {[%emt 00:00:05]} 30. Rxa7 {[%clk
00:59:41]} {[%emt 00:00:31]} Re8 {[%clk 01:06:01]} {[%emt 00:00:20]} 31. Rxf7
{[%clk 00:58:27]} {[%emt 00:01:43]} Ra8 {[%clk 01:05:29]} {[%emt 00:01:03]} 32.
h4 {[%clk 00:58:19]} {[%emt 00:00:37]} Rxa2 {[%clk 01:05:16]} {[%emt 00:00:44]}
33. f5 {[%clk 00:57:46]} {[%emt 00:01:03]} Nd4+ {[%clk 01:05:30]} {[%emt
00:00:16]} 34. Kg3 {[%clk 00:56:08]} {[%emt 00:02:06]} Nxf5+ {[%clk 01:05:40]}
{[%emt 00:00:23]} 35. Kh3 {[%clk 00:55:22]} {[%emt 00:01:15]} Ra4 {[%clk
01:03:34]} {[%emt 00:02:37]} 36. h5 {[%clk 00:53:00]} {[%emt 00:02:51]} Rh4+
{[%clk 01:03:43]} {[%emt 00:00:21]} 37. Kg2 {[%clk 00:53:03]} {[%emt 00:00:27]}
Rxh5 {[%clk 01:04:00]} {[%emt 00:00:13]} 38. Kf3 {[%clk 00:52:04]} {[%emt
00:01:30]} Rxg5 {[%clk 01:02:09]} {[%emt 00:02:21]} 39. Kf4 {[%clk 00:52:06]}
{[%emt 00:00:28]} h6 {[%clk 01:01:31]} {[%emt 00:01:09]} 40. Ke5 {[%clk
00:50:49]} {[%emt 00:01:46]} h5 {[%clk 00:58:00]} {[%emt 00:04:01]} 41. d4
{[%clk 00:50:36]} {[%emt 00:00:43]} h4 {[%clk 00:57:18]} {[%emt 00:01:12]} 42.
d5 {[%clk 00:50:33]} {[%emt 00:00:34]} Ne3+ {[%clk 00:57:29]} {[%emt 00:00:18]}
43. Kf4 {[%clk 00:50:33]} {[%emt 00:00:29]} Rf5+ {[%clk 00:57:21]} {[%emt
00:00:40]} 44. Rxf5 {[%clk 00:50:53]} {[%emt 00:00:10]} Nxf5 {[%clk 00:57:44]}
{[%emt 00:00:06]} 45. Kf3 {[%clk 00:50:24]} {[%emt 00:00:58]} Kg7 {[%clk
00:57:57]} {[%emt 00:00:18]} 46. Kg2 {[%clk 00:50:10]} {[%emt 00:00:44]} Kf6
{[%clk 00:58:19]} {[%emt 00:00:09]} 47. Kh2 {[%clk 00:50:02]} {[%emt 00:00:37]}
Nd6 {[%clk 00:58:36]} {[%emt 00:00:13]} 48. Kh3 {[%clk 00:49:55]} {[%emt
00:00:37]} g5 {[%clk 00:58:57]} {[%emt 00:00:09]} 49. Kg4 {[%clk 00:50:02]}
{[%emt 00:00:23]} Kg6 {[%clk 00:59:17]} {[%emt 00:00:10]} 50. Kh3 {[%clk
00:50:08]} {[%emt 00:00:25]} Kf5 {[%clk 00:59:42]} {[%emt 00:00:05]} 51. Kg2
{[%clk 00:50:23]} {[%emt 00:00:14]} Kg4 {[%clk 01:00:03]} {[%emt 00:00:09]} 52.
Kh2 {[%clk 00:50:27]} {[%emt 00:00:26]} Kf3 {[%clk 01:00:20]} {[%emt 00:00:14]}
53. Kh1 {[%clk 00:50:34]} {[%emt 00:00:22]} Kf2 {[%clk 01:00:38]} {[%emt
00:00:13]} 54. Kh2 {[%clk 00:50:32]} {[%emt 00:00:32]} g4 {[%clk 01:01:00]}
{[%emt 00:00:08]} 55. Kh1 {[%clk 00:50:39]} {[%emt 00:00:23]} h3 {[%clk
01:01:25]} {[%emt 00:00:06]} 56. Kh2 {[%clk 00:50:58]} {[%emt 00:00:11]} g3
{[%clk 01:01:50]} {[%emt 00:00:04]} 57. Kh1 {[%clk 00:51:12]} {[%emt 00:00:16]}
g2+ {[%clk 01:02:14]} {[%emt 00:00:07]} 58. Kh2 {[%clk 00:51:35]} {[%emt
00:00:06]} g1=Q {[%clk 01:02:33]} {[%emt 00:00:11]} 0-1